| 000 | 00594nam a2200181Ia 4500 | ||
|---|---|---|---|
| 999 |
_c8042 _d8042 |
||
| 003 | OSt | ||
| 005 | 20200120110754.0 | ||
| 008 | 190216s9999||||xx |||||||||||||| ||und|| | ||
| 020 | _a9788126511457 | ||
| 040 | _coclc | ||
| 082 |
_a658.1552 _bELD/C |
||
| 100 |
_aEldenburg, Leslie G _91266 |
||
| 245 | 0 |
_aCost Management : _bMeasuring,Monitoring And Motivating Performance / _cLeslie G Eldenburg ; Susan K Wolcott |
|
| 260 |
_bWiley India, _c2010. _aNew Delhi: |
||
| 300 | _a704p | ||
| 700 | 1 |
_91324 _aWolcott, Susan K. |
|
| 942 |
_cBK _2ddc _h658.1552 _iELD/C _k658.1552 _mELD/C |
||